| 000 | 00550nam a22001937a 4500 | ||
|---|---|---|---|
| 003 | BD-DhJNU | ||
| 005 | 20250202122422.0 | ||
| 008 | 250202b |||||||| |||| 00| 0 eng d | ||
| 020 | _a9847022000059 | ||
| 040 |
_aBD-DhJNU _bENG _cBD-DhJNU _dBD-DhJNU |
||
| 082 |
_223 _a321.8 RAD |
||
| 100 | _aRahman, Masihur | ||
| 245 |
_aDemocracy in crisis / _cMasihur Rahman |
||
| 260 |
_aDhaka : _bThe University Press, _c2008. |
||
| 300 |
_a xi, 254p. : _bill. ; _c22 cm. |
||
| 504 | _aIncludes index | ||
| 650 | _aDemocracy Bangladesh | ||
| 942 |
_2ddc _cBK _n0 |
||
| 999 |
_c1224 _d1224 |
||